• 首页
  • 本馆介绍
  • 公告通知
  • 最新文献
  • 馆藏检索
  • 电子资源
  • 读者导购
  • 参考咨询
  • 我的图书馆
  • 登录
  • 详细信息显示
  • 放入我的书架
  • 预约/预借图书
  • 作者相关作品
  • 分类相关作品
  • 丛书相关作品
  • 出版社相关作品

书目信息

  • 表格格式
  • 工作单格式
  • 卡片格式
题名:
达尔文传
    
 
作者: 赵辑安 编著
分册:  
出版信息: 郑州   河南文艺出版社  2016
页数: 209页
开本: 21cm
丛书名: 世界十大科学家丛书
单 册:
中图分类: K835.616.15=43 , K835.616.15
科图分类:
主题词: 生物学家--sheng wu xue jia--传记--英国--近代
电子资源:
ISBN: 978-7-5559-0396-3
000 00997nam 2200277 450
001 1648419180
005 20161223092153.18
010    @a978-7-5559-0396-3@dCNY23.00
100    @a20161021d2016 em y0chiy50 ea
101 0  @achi
102    @aCN@b410000
105    @ay z 000yb
106    @ar
200 1  @a达尔文传@Ada er wen zhuan@f赵辑安编著
210    @a郑州@c河南文艺出版社@d2016
215    @a209页@d21cm
225 2  @a世界十大科学家丛书@Ashi jie shi da ke xue jia cong shu
330    @a本书以时间为线索, 对达尔文自出生到去世的整个生命过程进行了细致而又精准的描写。本书是一本较为权威的达尔文传记, 真实地向我们展现出了伟大科学家精彩而传奇的一生。
410  0 @12001 @a世界十大科学家丛书
600  1 @a达尔文@Ada er wen@g(Darwin, Charles),@f1809-1882@x传记
606 0  @a生物学家@Asheng wu xue jia@x传记@y英国@z近代
690    @aK835.616.15=43@v5
690    @aK835.616.15@v5
701  0 @a赵辑安@Azhao ji an@4编著
801  0 @aCN@b人天书店@c20161021
905    @aBZT@dK835.616.15@e8
    
    达尔文传/赵辑安编著.-郑州:河南文艺出版社,2016
    209页;21cm.-(世界十大科学家丛书)
    
    
    ISBN 978-7-5559-0396-3:CNY23.00
    本书以时间为线索, 对达尔文自出生到去世的整个生命过程进行了细致而又精准的描写。本书是一本较为权威的达尔文传记, 真实地向我们展现出了伟大科学家精彩而传奇的一生。
●
相关链接 在五车中查询图书 在当当中查询图书 在豆瓣中查询图书


正题名:达尔文传     索取号:K835.616.15/8         预约/预借

序号 登录号 条形码 馆藏地/架位号 状态 备注
1 815543   2000815543   第二书库/ [索取号:K835.616.15/8] 在馆    
2 815544   2000815544   第二书库/ [索取号:K835.616.15/8] 在馆    
3 815545   2000815545   第二书库/ [索取号:K835.616.15/8] 在馆    
山东省滨州职业学院图书馆 欢迎您!
大连网信软件有限公司© 版权所有